| 000 | 00000nam 2200000zi 4500 |
| 001 | 9.916002 |
| 003 | CaOODSP |
| 005 | 20240703102707 |
| 006 | m o d f |
| 007 | cr cn||||||||| |
| 008 | 221006t20222022oncao o f000 0 eng d |
| 020 | |a9780660457390 |
| 040 | |aCaOODSP|beng|erda|cCaOODSP |
| 043 | |an-cn--- |
| 086 | 1 |aHP45-7/2022E-PDF |
| 245 | 00|aCanadian biosafety standard for facilities handling and storing human and terrestrial animal pathogens and toxins. |
| 246 | 13|aCanadian biosafety standard, third edition. |
| 246 | 17|aCanadian biosafety standard |
| 250 | |aThird Edition. |
| 264 | 1|aOttawa, Ontario : |bPublic Health Agency of Canada = Agence de la santé publique du Canada, |cNovember 2022. |
| 264 | 4|c©2022 |
| 300 | |a1 online resource (xxviii, 133 pages) : |billustration, photographs |
| 336 | |atext|btxt|2rdacontent |
| 337 | |acomputer|bc|2rdamedia |
| 338 | |aonline resource|bcr|2rdacarrier |
| 500 | |aIssued also in French under title: Norme canadienne sur la biosécurité pour les installation où sont manipulés ou entreposés des agents pathogènes humains, des agents pathogènes d'animaux terrestres et des toxines. |
| 500 | |aTitle from cover. |
| 500 | |a"Publication Number: 220463." |
| 504 | |aIncludes bibliographical references (pages 122-124). |
| 505 | 0 |aPreface -- Abbreviations and acronyms -- Glossary -- Chapter 1, Introduction -- Chapter 2, How to use the Canadian Biosafety Standard -- Chapter 3, Physical containment requirements -- Chapter 4, Operational practice requirements -- Chapter 5, Performance and verification testing requirements -- References -- Appendix A, Key legislative and regulatory requirements. |
| 520 | |a"The Government of Canada’s Canadian Biosafety Standard (CBS), third edition, 2022 is the national standard for facilities where regulated human and terrestrial animal pathogens and toxins are handled or stored"--Preface, page iv. |
| 650 | 0|aBiological laboratories|xSafety measures|xStandards|zCanada. |
| 650 | 0|aMedical laboratories|xSafety measures|xStandards|zCanada. |
| 650 | 0|aPathogenic microorganisms|xSafety measures|xStandards|zCanada. |
| 650 | 0|aBiosecurity|xStandards|zCanada. |
| 710 | 2 |aPublic Health Agency of Canada, |eissuing body. |
| 710 | 2 |aCanadian Food Inspection Agency, |eissuing body. |
| 775 | 08|tNorme canadienne sur la biosécurité pour les installations où sont manipulés ou entreposés des agents pathogènes humains, des agents pathogènes d'animaux terrestres et des toxines.|w(CaOODSP)9.916003 |
| 795 | |tCanadian biosafety standard for facilities handling or storing human and terrestrial animal pathogens and toxins |w(CaOODSP)9.629941 |
| 856 | 40|qPDF|s7.75 MB|uhttps://publications.gc.ca/collections/collection_2022/aspc-phac/HP45-7-2022-eng.pdf |
| 856 | 4 |qHTML|sN/A|uhttps://www.canada.ca/en/public-health/services/canadian-biosafety-standards-guidelines/third-edition.html |
| 986 | |a220463 |